000
00335cam a2200145ua 4500
041
_a
eng
_h
082
_a
821
_b
KNO/HU
100
_a
Knox, E.V .
245
_a
Humorous verse /
_c
E.V.Knox.
_h
Textual Documents
260
_a
London :
_b
Chatto and winds ,
_c
1950.
300
_a
268 ; .
504
_a
942
_c
BK
999
_c
849
_d
849